000 00844cam a22002773a 4500
001 28299
003 PGUSA
005 20140828083618.0
008 090309s2009||||xxu|||||s|||||000 | eng d
040 _aPGUSA
_beng
042 _adc
050 4 _aLT
100 1 _aComenius, Johann Amos,
_d1592-1670
245 1 4 _aThe Orbis Pictus
_h[electronic resource] /
_cJohann Amos Comenius
260 _bProject Gutenberg,
_c2009
506 _aPublic domain in the USA.
516 _aElectronic text
653 _aNatural history -- Juvenile literature
653 _aPicture books for children
653 _aLatin language -- Readers
700 1 _aBardeen, C. W.
_q(Charles William),
_d1847-1924
700 1 _aHoole, Charles,
_d1610-1667
830 0 _aProject Gutenberg
_v28299
856 4 0 _uhttp://www.gutenberg.org/ebooks/28299
942 _cEB
999 _c257554
_d257554